Sobre la técnica, 1953-1983

Saved in:
書目詳細資料
主要作者: Simondon, Gilbert (autor)
格式: 圖書
語言:西班牙语
出版: Buenos Aires, Argentina: Cactus, 2017.
版:1ra. edición en castellano.
叢編:Clases, 15
主題:
標簽: 添加標簽
沒有標簽, 成為第一個標記此記錄!

MARC

LEADER 00000cam a2200000 a 4500
001 UCB0229
003 CL-VaPUC
005 20241024135142.0
008 191220e20170000ag spa d
999 |c 375845  |d 375843 
020 |a 9789873831195 
040 |c Pontificia Universidad Católica de Valparaíso 
082 0 4 |a 609 SIM 2017  |2 21 
100 1 |a Simondon, Gilbert  |e autor  |9 604804 
245 1 0 |a Sobre la técnica, 1953-1983 
250 |a 1ra. edición en castellano. 
260 |a Buenos Aires, Argentina:  |b Cactus,  |c 2017. 
300 |a 444 páginas.  
490 0 |a Clases, 15 
583 |a last modification  |c 20191220 13:26:00  |k cmena 
650 0 0 |a Tecnología  |9 256742 
650 0 0 |a Historia de la tecnología  |9 266115 
942 |c BK  |2 ddc 
945 |a dcastane  |d 20191220 13:26:00 
952 |0 0  |1 0  |2 ddc  |4 0  |6 609_000000000000000_SIM_2017  |7 0  |8 A  |9 494911  |a BIBARQ  |b BIBARQ  |d 2019-12-06  |e 3  |g 15848.00  |i 5567122  |l 2  |o 609 SIM 2017  |p 5567122  |r 2025-01-20  |s 2023-08-04  |t 1  |v 15848.00  |w 2019-12-06  |y BK  |k ARQ 
952 |0 0  |1 0  |2 ddc  |4 0  |6 609_000000000000000_SIM_2017  |7 0  |8 A  |9 597549  |a BIBARQ  |b BIBARQ  |d 2024-10-24  |e 3  |g 34683.83  |i 5663071  |o 609 SIM 2017  |p 5663071  |r 2025-01-20  |t 2  |v 34683.83  |w 2024-10-24  |y BK  |k MAD